Ekonomická kriminalita a forenzný audit v účtovnej na daňovej praxi bakalárska práca

Salvato in:
Dettagli Bibliografici
Autore principale: Tušeková, Patrícia
Ente Autore: Národohospodárska fakulta EU. Katedra financií
Altri autori: Staríčková, Zuzana
Natura: Libro
Lingua:slovacco
Pubblicazione: Bratislava 2018
Tags: Aggiungi Tag
Nessun Tag, puoi essere il primo ad aggiungerne!!

MARC

LEADER 00000nbm a2200000 4500
001 0245915
005 20181214132527.0
041 0 |a slo 
044 |a SK 
245 1 0 |a Ekonomická kriminalita a forenzný audit v účtovnej na daňovej praxi  |b bakalárska práca  |c Patrícia Tušeková ; školiteľ: Zuzana Staríčková 
264 1 |a Bratislava  |c 2018 
300 |a 47 s. 
100 1 |a Tušeková, Patrícia 
700 1 |a Staríčková, Zuzana 
710 2 |a Národohospodárska fakulta EU. Katedra financií